000 00450nam a2200193Ia 4500
008 210210b1964 xxu||||| |||| 00| 0 eng d
041 _aeng
082 _a320/155
100 _aDOCTOR (Adi H)
245 _aAnarchist thought in India
260 _aBombay
_bAsia Publishing House
_c1964
300 _aix,120
650 _athought
650 _aIndia
650 _ain
650 _aAnarchist
690 _aPolitical Science
906 _a001905
999 _c117741
_d117741